000 00982cab a2200253 4500
001 WB3312-47
008 090401t1997 xxu||||| |||| 00| 0 eng d
035 _a(Sirsi) u77207
041 _aeng
245 _aSale of land contracts
260 _c1997
350 _a0
490 _aEstates Gazette
_v(9711) 15 March 1997, 149(1)
520 _aProvisions introduced by the Law of Property (Miscellaneous Provisions) Act 1989 s2, has instigated much litigation. Looks at a contract variation in "McCausland v Duncan Lawrie Ltd" [1997] 1 WLR 38. Also covers enforceable but unregistered contracts in "Lloyds Bank plc v Carrick" [1996] 4 All ER 630.
650 _aCONTRACT
650 _aLAND CHARGES ACT 1972
650 _aLAW OF PROPERTY (MISCELLANEOUS PROVISIONS) ACT 1989
650 _aLLOYDS BANK PLC V CARRICK
650 _aMCCAUSLAND V DUNCAN LAWRIE LTD
650 _aVARIATION OF TERMS
690 _aPROPERTY LAW AND PRACTICE
942 _n0
948 _c19/03/1997
999 _c48529
_d48529